[Carpeta blanca que es dóna als assistents a jornades] [Objecte]
Descripción Física:
1 carpeta amb llom de 5 mm ; 31 cm
MARC
| LEADER | 00000nam a2200000Ia 4500 | ||
|---|---|---|---|
| 001 | 22437 | ||
| 008 | 160829s9999 xx 000 0 cat d | ||
| 080 | |a NBM-5-2 | ||
| 245 | |a [Carpeta blanca que es dóna als assistents a jornades] [Objecte] | ||
| 260 | |a Barcelona : |b Diputació de Barcelona. Àrea de Medi Ambient, [2010?] | ||
| 300 | |a 1 carpeta amb llom de 5 mm ; |c 31 cm | ||
| 710 | |a Barcelona (Catalunya : Província). |b Àrea de Medi Ambient |9 52987 | ||
| 901 | |a Arxiu | ||
| 942 | |n 1 | ||
| 952 | |0 0 |1 0 |4 0 |6 NBM52 |7 1 |9 51359 |a Arxiu |b Arxiu |d 2016-12-01 |l 0 |o NBM-5-2 |p 22437 |r 2016-12-01 00:00:00 |w 2016-12-01 |y ARXIU | ||
| 999 | |c 55203 |d 55203 | ||